Los protomártires del Japón : Nagasaki, 1597 : ensayo biobibliográfico /
Importante documentación acerca de la persecución y martirio en la ciudad de Nagasaki, Japón, de San Pedro Bautista y de sus compañeros.
Uloženo v:
| Hlavní autor: | |
|---|---|
| Další autoři: | |
| Médium: | Kniha |
| Jazyk: | španělština |
| Témata: | |
| Tagy: |
Žádné tagy, Buďte první, kdo vytvoří štítek k tomuto záznamu!
|
MARC
| LEADER | 00000nam^a2200000^a^4500 | ||
|---|---|---|---|
| 001 | 000117956 | ||
| 005 | 20250521000000.0 | ||
| 009 | 20260310094222.793 | ||
| 037 | |a Acervo ITESO - Biblioteca | ||
| 041 | |a ESP | ||
| 082 | |a 952. 244024 |b MIL | ||
| 100 | |a Millares Carlo, Agustín |e (autor) | ||
| 245 | 1 | 4 | |a Los protomártires del Japón : |b Nagasaki, 1597 : ensayo biobibliográfico / |b A. Millares Carlo, J. Calvo. |
| 264 | |a México : |b editorial no identificada, |c 1954 | ||
| 300 | |a 1 v. (sin paginación) | ||
| 336 | |a texto |b txt |2 rdacontenido | ||
| 337 | |a sin mediación |b n |2 rdamedio | ||
| 338 | |a volumen |b nc |2 rdasoporte | ||
| 520 | |a Importante documentación acerca de la persecución y martirio en la ciudad de Nagasaki, Japón, de San Pedro Bautista y de sus compañeros. | ||
| 649 | |a XX | ||
| 650 | |a Mártires - |x Biografías | ||
| 650 | |a Religiosos - |x Biografías | ||
| 650 | |a Monasticismo y Ordenes Religiosas - |z Japón - |x Historia | ||
| 650 | |a Evangelización - |z Japón - |x Historia | ||
| 650 | |a Iglesia Católica en Japón - |x Historia | ||
| 650 | |a Catolicismo | ||
| 650 | |a Cristianismo | ||
| 650 | |a Religión | ||
| 650 | |a Nagasaki, Japón - |x Historia - |y Guerra Civil, 1500-1603 | ||
| 650 | |a Nagasaki, Japón - |x Historia - |y Período Feudal, 1185-1868 | ||
| 650 | |a Nagasaki, Japón - |x Historia - |x Bibliografías | ||
| 650 | |a Nagasaki, Japón - |x Historia - |x Documentos | ||
| 650 | |a Japón - |x Historia - |y Guerra Civil, 1500-1603 | ||
| 650 | |a Japón - |x Historia - |y Período Feudal, 1185-1868 | ||
| 650 | |a Japón - |x Historia - |x Bibliografías | ||
| 650 | |a Japón - |x Historia - |x Documentos | ||
| 700 | |a Calvo, Julián |e (autor) | ||
| 910 | |a Fondo Salvador Reynoso Reynoso | ||
| 920 | |a Impresos - Libros | ||
| 930 | |a Fondos Especiales | ||
| 905 | |a 112 | ||
| 901 | |a 0800004387 |b IT2 |c ESP |u 20250521 | ||
| 901 | |a 0800004552 |b IT2 |c ESP |u 20250521 | ||
| 902 | |a https://opac.biblio.iteso.mx/vufind/Record/000117956 | ||